Mudhakkirāt al-Malik Ṭalāl. (Record no. 45747)

MARC details
000 -LEADER
fixed length control field 00901cam a22002531 4500
001 - CONTROL NUMBER
control field ne 63000686
003 - CONTROL NUMBER IDENTIFIER
control field DLC
005 - DATE AND TIME OF LATEST TRANSACTION
control field 20260227111743.0
008 - FIXED-LENGTH DATA ELEMENTS--GENERAL INFORMATION
fixed length control field 900503s1962 ua a 000 0 ara c
010 ## - LIBRARY OF CONGRESS CONTROL NUMBER
LC control number ne 63000686
025 ## - OVERSEAS ACQUISITION NUMBER
Overseas acquisition number PL480:UAR-23
035 ## - SYSTEM CONTROL NUMBER
System control number (OCoLC)21475494
040 ## - CATALOGING SOURCE
Original cataloging agency Princeton Univ. Libr.
Transcribing agency WaU
Modifying agency WaU
-- DLC
042 ## - AUTHENTICATION CODE
Authentication code premarc
050 00 - LIBRARY OF CONGRESS CALL NUMBER
Classification number DS154.54
Item number .T3
100 0# - MAIN ENTRY--PERSONAL NAME
Personal name Talal,
Titles and words associated with a name King of Jordan,
Dates associated with a name 1909-
245 10 - TITLE STATEMENT
Title Mudhakkirāt al-Malik Ṭalāl.
260 ## - PUBLICATION, DISTRIBUTION, ETC.
Place of publication, distribution, etc. [al-Qāhirah]
Name of publisher, distributor, etc. Muʼassasat Rūz al-Yūsuf
Date of publication, distribution, etc. [1962]
300 ## - PHYSICAL DESCRIPTION
Extent 229 p.
Other physical details illus.
Dimensions 21 cm.
490 0# - SERIES STATEMENT
Series statement Kitāb al-dhahabī,
Volume/sequential designation 95
500 ## - GENERAL NOTE
General note At head of title: Mamdūḥ Riḍā.
500 ## - GENERAL NOTE
General note "Akhtār al-Malik Ṭalāl al-muqaddim Ṣubḥī Ṭūqān Balīkūn marāfaqahu wa-sikritīruhu al-khāṣṣ... [wa-]ṭalaba ilayhi...an yusāʻidahu fī kitābat madhakkirātih"
600 10 - SUBJECT ADDED ENTRY--PERSONAL NAME
Personal name Ridā, Mamdūḥ.

No items available.

Powered by Koha